The yellow star : (Record no. 2682)

MARC details
000 -LEADER
fixed length control field 00870cam a2200253 a 4500
005 - DATE AND TIME OF LATEST TRANSACTION
control field 20240111134329.0
020 ## - INTERNATIONAL STANDARD BOOK NUMBER
International Standard Book Number 9780545487948
040 ## - CATALOGING SOURCE
Original cataloging agency DLC
Transcribing agency DLC
Language of cataloging eng
050 00 - LIBRARY OF CONGRESS CALL NUMBER
Classification number PZ7.D3587
Item number 2000
082 00 - DEWEY DECIMAL CLASSIFICATION NUMBER
Classification number [Fic]
100 1# - MAIN ENTRY--PERSONAL NAME
Personal name Deedy, Carmen Agra
245 14 - TITLE STATEMENT
Title The yellow star :
Remainder of title the legend of King Christian X of Denmark /
Statement of responsibility, etc. Carmen Agra Deedy ; illustrated by Henri Sørensen.
250 ## - EDITION STATEMENT
Edition statement Printed in the U.S.A
260 ## - PUBLICATION, DISTRIBUTION, ETC.
Place of publication, distribution, etc. New York :
Name of publisher, distributor, etc. Scholastic ,
Date of publication, distribution, etc. 2000
300 ## - PHYSICAL DESCRIPTION
Extent 28 unnumbered pages :
Other physical details color illustrations ;
Dimensions 27 cm.
505 ## - FORMATTED CONTENTS NOTE
Formatted contents note R <br/>
520 ## - SUMMARY, ETC.
Summary, etc. Retells the story of King Christian X and the Danish resistance to the Nazis during World War II.
521 ## - TARGET AUDIENCE NOTE
Target audience note 780 <br/>
Source Lexile <br/>
521 ## - TARGET AUDIENCE NOTE
Target audience note R <br/>
Source Raz-Plus <br/>
700 1# - ADDED ENTRY--PERSONAL NAME
Personal name Sørensen, Henri
Relator term illustrator
906 ## - LOCAL DATA ELEMENT F, LDF (RLIN)
a 7
b cbc
c orignew
d 1
e ocip
f 20
g y-gencatlg
942 ## - ADDED ENTRY ELEMENTS (KOHA)
Source of classification or shelving scheme Dewey Decimal Classification
Koha item type Books
Suppress in OPAC No
999 ## -
-- 2682
-- 2682
Holdings
Withdrawn status Lost status Source of classification or shelving scheme Damaged status Not for loan Collection Home library Current library Shelving location Date acquired Total Checkouts Full call number Barcode Date last seen Date last checked out Copy number Price effective from Koha item type
    Dewey Decimal Classification     Non-Fiction Footprints International School Library Network Toul Tom Poung Campus Footprints International School Library Network Toul Tom Poung Campus TTP Primary Orange Bookshelves 01/09/2024 1 DEE 813.54 PZ7.D3587 FISTK04934 02/05/2024 01/22/2024 1 01/09/2024 Books
    Dewey Decimal Classification     Non-Fiction Footprints International School Library Network Toul Tom Poung Campus Footprints International School Library Network Toul Tom Poung Campus TTP Primary Orange Bookshelves 09/11/2025   DEE 813.54 PZ7.D3587 FISSE01400 09/11/2025   2 09/11/2025 Books